Modelovanie priemyselných sietí

Saved in:
Bibliographic Details
Main Author: Krátky, Adrián (Author)
Other Authors: Chvostek, Tomáš, 1980- (Thesis advisor)
Format: Manuscript Book
Language:Slovak
Published: Bratislava : STU v Bratislave FEI, 2007
Subjects:
Tags: Add Tag
No Tags, Be the first to tag this record!

MARC

LEADER 00000ntm a22000003a 4500
001 stu155992
005 20160719165047.3
008 080125s2007------------------------slo-d
040 |a STU  |b slo 
041 0 |a slo 
100 1 |a Krátky, Adrián  |4 aut 
245 1 |a Modelovanie priemyselných sietí 
260 |a Bratislava :  |b STU v Bratislave FEI,  |c 2007 
300 |a 80 s 
650 7 |a kybernetika  |2 stusub 
650 7 |a priemyselné siete  |2 stusub 
700 1 |a Chvostek, Tomáš,  |d 1980-  |4 ths  |u E010  |T FEI Ústav riadenia a priemyselnej informatiky  |X 10213  |U E010  |Y E010  |7 10213